000 00580nam a22001817a 4500
005 20251108164233.0
008 250721s1987 xx 000 0 ara d
082 1 4 _a309,173/صلا
100 1 _aالخالدي، صلاح عبد الفتاح
245 1 0 _aأمريكا من الداخل بمنظار سيد قطب /
250 _aط4.
264 1 _aجده :
_bدار المنارة للنشر والتوزيع،
_c1987.
300 _a221ص.
650 1 7 _aالولايات المتحدة
650 1 7 _aالأحوال الإجتماعية
942 _2ddc
_cBK
999 _c7126
_d7126